00777 a2200205 450000100060000002000180000604000220002410000280004624000200007424500150009430000070010936200090011665000260012594200070015195201080015895201080026695200900037495200900046499900170055465680 a9788516097165 cAnchieta - Pituba aKanashiro, Aurea Regina10aLiteraturalpor10aLiteratura a480 a2015 4aLiteratura brasileira cBK 00104070a91.1b91.1d2023-11-21l0o869.9 L776l LITp20415/PITr2023-11-21 18:34:01w2023-11-21yBK 00104070a91.1b91.1d2023-11-21l0o869.9 L776l LITp20416/PITr2023-11-21 18:34:01w2023-11-21yBK 00104070a91.1b91.1d2023-11-21l0p20423/PITr2023-11-21 18:34:01w2023-11-21yBK 00104070a91.1b91.1d2023-11-21l0p20424/PITr2023-11-21 18:34:01w2023-11-21yBK c65680d65680